Sports Quiz

Random Sports or Football Quiz

Top 5 EPL Goalscorers by Containing Letters Quiz Stats

Quiz not verified by Sporcle

Challenge
Share
Tweet
Embed
Score 0/130 Timer 15:00
0 Plays Today
Letter Player % Correct
AAlan Shearer
95.3%
EAlan Shearer
95.3%
HAlan Shearer
95.3%
RAlan Shearer
95.3%
SAlan Shearer
95.3%
EWayne Rooney
91.5%
NWayne Rooney
91.5%
OWayne Rooney
91.5%
RWayne Rooney
91.5%
YWayne Rooney
91.5%
EThierry Henry
89.1%
HThierry Henry
89.1%
NThierry Henry
89.1%
RThierry Henry
89.1%
YThierry Henry
89.1%
AFrank Lampard
88.8%
DFrank Lampard
88.8%
LFrank Lampard
88.8%
MFrank Lampard
88.8%
PFrank Lampard
88.8%
RFrank Lampard
88.8%
CAndrew Cole
85.5%
EAndrew Cole
85.5%
LAndrew Cole
85.5%
OAndrew Cole
85.5%
DSteven Gerrard
84.3%
GSteven Gerrard
84.1%
NMichael Owen
77.7%
OMichael Owen
77.7%
WMichael Owen
77.7%
BDidier Drogba
76.6%
GSergio Agüero
76.1%
USergio Agüero
76%
GRyan Giggs
74.8%
ERobbie Fowler
74.7%
FRobbie Fowler
74.7%
LRobbie Fowler
74.7%
ORobbie Fowler
74.7%
RRobbie Fowler
74.7%
WRobbie Fowler
74.7%
CPaul Scholes
72.1%
KDwight Yorke
72.1%
YDwight Yorke
72.1%
ATeddy Sheringham
72%
Letter Player % Correct
GTeddy Sheringham
72%
HTeddy Sheringham
72%
ITeddy Sheringham
72%
MTeddy Sheringham
72%
NTeddy Sheringham
72%
STeddy Sheringham
72%
ARobin van Persie
71.8%
IRobin van Persie
71.8%
PRobin van Persie
71.8%
SRobin van Persie
71.8%
VRobin van Persie
71.8%
TRuud van Nistelrooy
69.9%
VRuud van Nistelrooy
69.9%
DJermain Defoe
69.3%
FJermain Defoe
69.3%
OJermain Defoe
69.3%
MDennis Bergkamp
64.7%
PDennis Bergkamp
64.7%
CPeter Crouch
60.6%
UPeter Crouch
60.6%
ALes Ferdinand
59.6%
DLes Ferdinand
59.6%
FLes Ferdinand
59.6%
ILes Ferdinand
59.6%
NLes Ferdinand
59.6%
KRobbie Keane
59.6%
GIan Wright
59.4%
HIan Wright
59.4%
IIan Wright
59.4%
TIan Wright
59.4%
WIan Wright
59.4%
ZLuis Suárez
56.9%
ZGianfranco Zola
56.4%
BJimmy Floyd Hasselbaink
50%
HJimmy Floyd Hasselbaink
50%
IJimmy Floyd Hasselbaink
50%
KJimmy Floyd Hasselbaink
50%
LJimmy Floyd Hasselbaink
50%
SJimmy Floyd Hasselbaink
50%
BDarren Bent
49.9%
TDarren Bent
49.9%
KNicolas Anelka
48.1%
LNicolas Anelka
48.1%
KEmile Heskey
47.7%
Letter Player % Correct
SEmile Heskey
47.7%
YEmile Heskey
47.7%
TDimitar Berbatov
46.6%
VDimitar Berbatov
46.6%
ZCarlos Tévez
45%
JOle Gunnar Solskjær
44.7%
TMatthew Le Tissier
43.9%
PKevin Phillips
43.2%
URomelu Lukaku
39.8%
VMark Viduka
39.7%
JAndrew Johnson
39.2%
BEmmanuel Adebayor
37.9%
YEmmanuel Adebayor
37.9%
QNiall Quinn
37.4%
QMick Quinn
37.3%
BDion Dublin
36.5%
DDion Dublin
36.5%
UDion Dublin
36.5%
ZAlexis Sánchez
35.7%
UYakubu
32.5%
ZEden Hazard
30.1%
WTheo Walcott
25.1%
FDuncan Ferguson
24.8%
VKevin Davies
22.3%
JFredrik Ljungberg
22.3%
MCraig Bellamy
20.1%
JEiður Guðjohnsen
20%
CKevin Campbell
19.2%
MKevin Campbell
19.2%
PKevin Campbell
19.2%
FDamien Duff
14.9%
XAlex Oxlade-Chamberlain
12.1%
XRuel Fox
12%
CTony Cottee
9.2%
QSteed Malbranque
7.5%
XGraeme Le Saux
6.3%
WDean Holdsworth
5.9%
QFranck Queudrue
5.4%
XJason Wilcox
5%
JJulian Joachim
4.6%
XNiclas Alexandersson
1.7%
QXherdan Shaqiri
1.6%

You're not logged in!

Compare scores with friends on all Sporcle quizzes.
Join for Free
OR
Log In

Show Comments

Extras

Top Quizzes Today


Score Distribution

Your Account Isn't Verified!

In order to create a playlist on Sporcle, you need to verify the email address you used during registration. Go to your Sporcle Settings to finish the process.

Report this User

Report this user for behavior that violates our Community Guidelines.

Details: